Projekt pro optimalizaci dopravy

Projekt Európskej únie s názvom Kassetts - iniciatíva pre vytvorenie európskej informačnej siete pre otimalizáciu vnútroštátnej aj medzinárodnej prepravy tovaru. Cieľ projektu - zvýšiť efektivitu a zlepšiť logistické služby. Optimalizácia prepravy predovšetkým v industrializovaných oblastiach. Myšli...

Descripción completa

Guardado en:
Detalles Bibliográficos
Autor principal: Veselá, Jiřina
Formato: Capítulo de libro
Lenguaje:checo
Materias:
Etiquetas: Agregar Etiqueta
Sin Etiquetas, Sea el primero en etiquetar este registro!

MARC

LEADER 00000naa$a2200000$$$4500
001 0114066
005 20231129095356.1
041 0 |a cze 
044 |a CZ 
245 1 0 |a Projekt pro optimalizaci dopravy  |c Jiřina Veselá 
520 |a Projekt Európskej únie s názvom Kassetts - iniciatíva pre vytvorenie európskej informačnej siete pre otimalizáciu vnútroštátnej aj medzinárodnej prepravy tovaru. Cieľ projektu - zvýšiť efektivitu a zlepšiť logistické služby. Optimalizácia prepravy predovšetkým v industrializovaných oblastiach. Myšlienky projektu prezentované na medzinárodnom 26. nemeckom logistickom kongrese. Cieľ prezentácie - informovať logistický a priemyselný svet o možnostiach logistického brokera a o výhodách tejto siete. 
610 2 0 |a doprava 
610 2 0 |a technológie informačné 
610 2 0 |a technológie komunikačné 
610 2 0 |a systémy informačné 
610 2 0 |a logistika 
610 2 0 |a optimalizácia 
610 2 0 |a projekty 
610 2 0 |a Európska únia 
100 1 |a Veselá, Jiřina